000 00323cam a22001217a 4500
008 180718b1963 xxu||||| |||| 00| 0 eng d
082 _aA2 In7c
245 _aInstitute of Asian Economic Affairs
260 _aTokyo
_bInstitute of Asian Economic Affairs
_c1963
300 _a317p.
440 _apaper
650 _aBibliography
999 _c479972
_d479972